[Event "European Blitz 2022"]
[Site "Katowice POL"]
[Date "2022.12.16"]
[Round "11.26"]
[White "Fus, Jakub"]
[Black "Laurusas, Tomas"]
[Result "1/2-1/2"]
[WhiteTitle "FM"]
[BlackTitle "GM"]
[WhiteElo "2405"]
[BlackElo "2567"]
[WhiteFideId "1193023"]
[BlackFideId "12803731"]
[EventDate "2022.12.16"]

1. Nf3 d5 2. e3 Nf6 3. c4 c6 4. Nc3 a6 5. h3 Bf5 6. cxd5 cxd5 7. Qb3 Ra7 8. d4
e6 9. Be2 Be7 10. O-O O-O 11. Bd2 h6 12. Rfc1 Nc6 13. Na4 Ne4 14. Be1 Na5 15.
Qb6 Qxb6 16. Nxb6 Nc6 17. Ne5 Nxe5 18. dxe5 Bd8 19. Nd7 Re8 20. Rc8 b5 21. Nb8
Rc7 22. Rc1 Rxc1 23. Rxc1 Bc7 24. Nxa6 Bxe5 25. Bxb5 Ra8 26. b3 g5 27. a4 d4 28.
exd4 Bxd4 29. Nb4 h5 30. Nc6 Bb2 31. Ne7+ Kf8 32. Rc2 Bd4 33. Nxf5 exf5 34. Bc6
Rb8 35. b4 g4 36. hxg4 hxg4 37. Bxe4 fxe4 38. Kf1 Ke7 39. Rc4 Rd8 40. a5 Ke6 41.
b5 Kd5 42. Rc2 f5 43. b6 Rb8 44. Rc7 Be5 45. Rd7+ Ke6 46. Ra7 Bd4 47. Ke2 f4 48.
Rh7 f3+ 49. gxf3 gxf3+ 50. Kd1 Rd8 51. Kc2 Rc8+ 52. Kb3 Rc1 53. b7 Rxe1 54. Rh6+
Kf5 55. Kc4 Rb1 56. Kxd4 Rb4+ 57. Ke3 Rb3+ 58. Kd4 Rb4+ 59. Kc5 Rxb7 60. a6 Rb2
61. a7 Ra2 62. Kb6 e3 63. fxe3 f2 64. Rh1 Ke4 65. Rf1 Kxe3 66. Kb7 Rb2+ 67. Kc7
Ra2 68. Rxf2 Rxa7+ 69. Kb6 Kxf2 70. Kxa7 1/2-1/2

[Event "European Blitz 2022"]
[Site "Katowice POL"]
[Date "2022.12.16"]
[Round "11.27"]
[White "Stremavicius, Pijus"]
[Black "Alexakis, Dimitris"]
[Result "0-1"]
[WhiteTitle "FM"]
[BlackTitle "IM"]
[WhiteElo "2369"]
[BlackElo "2486"]
[WhiteFideId "12812730"]
[BlackFideId "4277023"]
[EventDate "2022.12.16"]

1. b3 c5 2. Bb2 Nc6 3. e3 e5 4. c4 g6 5. Nf3 Bg7 6. Nc3 Nge7 7. Nd5 d6 8. h4 h6
9. d3 O-O 10. Be2 e4 11. Bxg7 exf3 12. Bxf8 fxe2 13. Qxe2 Kxf8 14. Qb2 Nxd5 15.
cxd5 Ne5 16. Qc3 Qf6 17. Rc1 Bf5 18. e4 Bd7 19. h5 Bb5 20. O-O Ke7 21. Rfd1 Nd7
22. d4 cxd4 23. Rxd4 b6 24. hxg6 fxg6 25. a4 Ba6 26. b4 Rc8 27. e5 dxe5 28. d6+
Kd8 29. Qc7+ 0-1

[Event "European Blitz 2022"]
[Site "Katowice POL"]
[Date "2022.12.16"]
[Round "11.28"]
[White "Blohberger, Felix"]
[Black "Seemann, Jakub"]
[Result "0-1"]
[WhiteTitle "GM"]
[BlackTitle "FM"]
[WhiteElo "2490"]
[BlackElo "2365"]
[WhiteFideId "1632051"]
[BlackFideId "21874697"]
[EventDate "2022.12.16"]

1. d4 Nf6 2. c4 e6 3. Nc3 Bb4 4. e3 O-O 5. Bd3 d5 6. cxd5 exd5 7. a3 Bd6 8. Qc2
c6 9. Nge2 a5 10. Bd2 Na6 11. O-O Nc7 12. f3 Ne6 13. Be1 Re8 14. Bh4 h6 15. Kh1
Ng5 16. e4 dxe4 17. fxe4 Ng4 18. e5 Ne3 19. Qd2 Nxf1 20. Rxf1 Be7 21. Bb1 Ne6
22. Bxe7 Qxe7 23. Ne4 Rd8 24. Qd3 Nf8 25. Qg3 Be6 26. Nf6+ Kh8 27. Qe3 Ng6 28.
Nf4 gxf6 29. exf6 Qf8 30. Bxg6 Re8 31. Qf2 Bd5 32. Bb1 Be4 33. Ba2 Bd5 34. Bxd5
cxd5 35. Nxd5 Qg8 36. Ne7 Qg5 37. d5 Rad8 38. Qb6 Rd7 39. h3 Red8 40. Qxa5 Rd6
41. Qb4 Rxf6 42. Qd4 Rd6 43. Nc8 Kg8 44. Re1 Rd8 45. Ne7+ Kh7 46. Qe4+ Kg7 47.
Qd4 Kh7 48. Qd3+ Kg7 49. Qc3 Kh7 50. Qd3+ Kg7 51. Qb3 Rf2 52. Qc3+ Qf6 53. Qg3+
Kh7 54. Kh2 Rxb2 55. Qd3+ Kg7 56. Nf5+ Kh8 57. d6 Rg8 58. Ne3 Qe5+ 59. Kh1 Qg3
60. Rf1 Rxg2 61. Qd4+ Rg7 62. Qxg7+ Qxg7 63. Nxg2 Qd4 64. Rxf7 Qxd6 0-1

[Event "European Blitz 2022"]
[Site "Katowice POL"]
[Date "2022.12.16"]
[Round "11.29"]
[White "Varvadoukas, Theodoros"]
[Black "Seo, Jung Min"]
[Result "0-1"]
[BlackTitle "IM"]
[WhiteElo "2109"]
[BlackElo "2502"]
[WhiteFideId "4210735"]
[BlackFideId "1734687"]
[EventDate "2022.12.16"]

1. c4 e5 2. Nc3 Nf6 3. g3 d5 4. cxd5 Nxd5 5. Bg2 Nb6 6. Nf3 Nc6 7. O-O Be7 8. d3
O-O 9. a3 a5 10. Be3 Re8 11. Rc1 Be6 12. Ne4 Nd5 13. Bc5 Rb8 14. Bxe7 Ndxe7 15.
Nc5 Bc8 16. Qd2 b6 17. Ne4 Bb7 18. b4 Nf5 19. Qb2 axb4 20. axb4 Qe7 21. b5 Ncd4
22. Nxd4 Nxd4 23. e3 Nf5 24. Rc3 Rbd8 25. Rfc1 Rd7 26. Bh3 g6 27. Qc2 Rc8 28.
Bg2 Bd5 29. h4 Ng7 30. Bh3 f5 31. Nd2 Ne6 32. Nc4 Nc5 33. Nxe5 Qxe5 34. e4 Be6
35. Rd1 Rcd8 36. f4 Qd4+ 37. Kh2 Nxe4 38. Rc6 Bf7 39. Bg2 Nf2 40. Rf1 Ng4+ 41.
Kh1 Ne3 0-1

[Event "European Blitz 2022"]
[Site "Katowice POL"]
[Date "2022.12.16"]
[Round "11.30"]
[White "Szpar, Milosz"]
[Black "Gvetadze, Sofio"]
[Result "1-0"]
[WhiteTitle "IM"]
[BlackTitle "IM"]
[WhiteElo "2428"]
[BlackElo "2298"]
[WhiteFideId "1184989"]
[BlackFideId "13601440"]
[EventDate "2022.12.16"]

1. e4 c5 2. c3 g6 3. d4 cxd4 4. cxd4 d5 5. exd5 Nf6 6. Nc3 Nxd5 7. Nf3 Bg7 8.
Bb5+ Nc6 9. O-O O-O 10. h3 Bf5 11. Bg5 Nf6 12. Qa4 Qd6 13. Rfe1 a6 14. Bxc6 bxc6
15. Qa5 Rfb8 16. b3 Bf8 17. Rac1 Nd5 18. Ne4 Bxe4 19. Rxe4 Rb5 20. Qd2 c5 21. a4
Rxb3 22. dxc5 Qc6 23. Ne5 Qe6 24. Ree1 Nf6 25. Nxg6 Qc6 26. Nxe7+ Bxe7 27. Rxe7
Nd5 28. Ree1 Rab8 29. Bh6 R3b4 30. Qg5+ Qg6 31. Qxd5 Qxh6 32. c6 Rc8 33. Qd7
Rbb8 34. c7 Ra8 35. Rc3 Qf6 36. Rf3 Qb6 1-0

[Event "European Blitz 2022"]
[Site "Katowice POL"]
[Date "2022.12.16"]
[Round "11.31"]
[White "Abdrlauf, Elham"]
[Black "Radecki, Adam"]
[Result "1-0"]
[WhiteTitle "IM"]
[WhiteElo "2518"]
[BlackElo "2012"]
[WhiteFideId "1533533"]
[BlackFideId "1197347"]
[EventDate "2022.12.16"]

1. e4 c5 2. Nf3 d6 3. d4 cxd4 4. Nxd4 Nf6 5. f3 Nc6 6. c4 g6 7. Nc3 Bg7 8. Be3
O-O 9. Be2 Nxd4 10. Bxd4 Be6 11. O-O Rc8 12. Nd5 a6 13. Nxf6+ Bxf6 14. Bxf6 exf6
15. Qd4 f5 16. exf5 Bxf5 17. Rfd1 Re8 18. Bf1 Rc6 19. b3 Qg5 20. Rd2 Rd8 21.
Rad1 Be6 22. Qe4 Qf6 23. Rd4 Kg7 24. Qf4 Qxf4 25. Rxf4 d5 26. Rfd4 Rcd6 27. c5
R6d7 28. b4 Kf6 29. g3 Rc8 30. a3 a5 31. Bb5 Rdd8 32. Bc4 axb4 33. axb4 b6 34.
cxb6 Rb8 35. Bxd5 Bxd5 36. Rxd5 Rxd5 37. Rxd5 Rxb6 38. Rd4 Ke5 39. Re4+ Kd5 40.
Kf2 f5 41. Rh4 Ke5 42. Ke3 g5 43. Rc4 h5 44. f4+ gxf4+ 45. Rxf4 Ra6 46. Kd3 Ra2
47. Rh4 Kd5 48. Rxh5 Ra3+ 49. Kc2 Ke4 50. Rh4+ Ke5 51. b5 Rf3 52. b6 Kd6 53. Rb4
Kd5 1-0

[Event "European Blitz 2022"]
[Site "Katowice POL"]
[Date "2022.12.16"]
[Round "11.32"]
[White "Sowinski, Pawel"]
[Black "Kozak, Antoni"]
[Result "0-1"]
[WhiteElo "2064"]
[BlackElo "2422"]
[WhiteFideId "21881979"]
[BlackFideId "21832030"]
[EventDate "2022.12.16"]

1. c4 Nf6 2. Nf3 c5 3. g3 Nc6 4. Bg2 d5 5. cxd5 Nxd5 6. O-O e5 7. d3 Be7 8. Nc3
Be6 9. Bd2 O-O 10. Rc1 b6 11. a3 Rc8 12. Nxd5 Bxd5 13. Bc3 f6 14. Qd2 a5 15. e3
b5 16. Qe2 Re8 17. Rfd1 Bf8 18. Be1 Qd7 19. Qf1 Rcd8 20. Nh4 g6 21. Bxd5+ Qxd5
22. Qg2 a4 23. Qxd5+ Rxd5 24. Rd2 Na5 25. Rcd1 Nb3 26. Rc2 Red8 27. e4 Rxd3 28.
Rxd3 Rxd3 29. Ng2 c4 30. Ne3 Nd4 31. Rc3 Ne2+ 32. Kf1 Nxc3 33. Bxc3 Kf7 34. Nd5
f5 35. Nc7 b4 0-1

[Event "European Blitz 2022"]
[Site "Katowice POL"]
[Date "2022.12.16"]
[Round "11.33"]
[White "Piesik, Piotr"]
[Black "Dvirnyy, Danyyil"]
[Result "0-1"]
[WhiteTitle "IM"]
[BlackTitle "GM"]
[WhiteElo "2420"]
[BlackElo "2530"]
[WhiteFideId "1136194"]
[BlackFideId "817570"]
[EventDate "2022.12.16"]

1. Nf3 d5 2. g3 g6 3. Bg2 Bg7 4. d4 Nf6 5. O-O O-O 6. c4 c6 7. Qb3 dxc4 8. Qxc4
Bf5 9. Nc3 Nbd7 10. Qb3 Qb6 11. Nd2 Be6 12. Qxb6 Nxb6 13. e3 Rfd8 14. Nde4 Nxe4
15. Nxe4 Nd7 16. Bd2 Bd5 17. Bb4 e5 18. dxe5 Nxe5 19. Bc3 Bxe4 20. Bxe4 Nc4 21.
Bxg7 Kxg7 22. Rfc1 Nb6 23. Rd1 Na4 24. Bc2 Nb6 25. Kf1 a5 26. Ke2 Kf6 27. f4 Ke7
28. e4 f6 29. Bd3 Na4 30. Rd2 Rd4 31. Rc1 Rad8 32. b3 Nb6 33. Rcd1 a4 34. Bc2
Rxd2+ 35. Rxd2 Ra8 36. Ke3 a3 37. Rd4 Nd7 38. b4 g5 39. Rd3 h6 40. Bd1 b5 41.
Bg4 Nb6 42. Bd1 Nc4+ 43. Ke2 Nd6 44. Kf3 Nb7 45. Rc3 Kd6 46. Rd3+ Kc7 47. Rc3
Kb6 48. Bb3 c5 49. bxc5+ Nxc5 50. Bd5 Ra7 51. Ke3 b4 52. Rc1 Kb5 53. Kd4 Rc7 54.
Bc4+ Kb6 55. e5 fxe5+ 56. fxe5 b3 57. Rf1 b2 58. Kc3 Ne4+ 59. Kb4 Rxc4+ 0-1

[Event "European Blitz 2022"]
[Site "Katowice POL"]
[Date "2022.12.16"]
[Round "11.34"]
[White "Tazbir, Marcin"]
[Black "Langheinrich, Ferenc"]
[Result "1-0"]
[WhiteTitle "GM"]
[BlackTitle "IM"]
[WhiteElo "2508"]
[BlackElo "2381"]
[WhiteFideId "1122452"]
[BlackFideId "4641973"]
[EventDate "2022.12.16"]

1. c4 Nf6 2. g3 g6 3. Bg2 Bg7 4. Nc3 O-O 5. d3 c6 6. e4 d5 7. cxd5 cxd5 8. exd5
Nbd7 9. Nge2 Nb6 10. Nf4 Bf5 11. O-O g5 12. Nh5 Nxh5 13. Qxh5 h6 14. Qe2 Qd7 15.
Be3 Rfd8 16. Bxb6 axb6 17. Qe3 Qd6 18. Rfe1 Kf8 19. a4 Rac8 20. Nb5 Qf6 21. d4
h5 22. d6 exd6 23. Bxb7 Rb8 24. Bc6 d5 25. Rac1 Be4 26. Nc3 Bf3 27. Bb5 g4 28.
Qd3 Qxd4 29. Qf5 Qf6 30. Qxh5 Rbc8 31. Ne2 Rxc1 32. Nxc1 d4 33. Nd3 Ba8 34. Qxg4
Qd6 35. f3 Qd5 36. Kg2 Bb7 37. Qe4 Qxe4 38. fxe4 Ke7 39. Kf2 Rh8 40. h4 Ba8 41.
e5 Bd5 42. Nf4 Ba8 43. e6 Bh6 44. exf7+ Kxf7 45. Bc4+ Kg7 46. Re7+ Kf6 47. Re6+
Kg7 48. Re7+ Kf6 49. Rf7+ Ke5 50. Ng6+ 1-0

[Event "European Blitz 2022"]
[Site "Katowice POL"]
[Date "2022.12.16"]
[Round "11.35"]
[White "Azarov, Sergei"]
[Black "Bartel, Michal"]
[Result "1-0"]
[WhiteTitle "GM"]
[BlackTitle "FM"]
[WhiteElo "2562"]
[BlackElo "2250"]
[WhiteFideId "13501470"]
[BlackFideId "1119257"]
[EventDate "2022.12.16"]

1. e4 e5 2. Nf3 Nc6 3. Bc4 g6 4. c3 Bg7 5. d4 d6 6. Qb3 Qe7 7. Bb5 Bd7 8. Bxc6
bxc6 9. dxe5 dxe5 10. O-O Nf6 11. Bg5 O-O 12. Nbd2 Rab8 13. Qc2 h6 14. Bxf6 Bxf6
15. Nc4 Qc5 16. Ne3 Be6 17. b4 Qe7 18. Qa4 c5 19. a3 cxb4 20. axb4 Rb7 21. Qa6
Rfb8 22. Ra5 Qd6 23. Rd1 Qb6 24. Nd5 Bxd5 25. Rdxd5 c6 26. Rd6 Bd8 27. g3 Rc8
28. Ra2 Be7 29. Rd1 c5 30. Qxb6 axb6 31. b5 Bf6 32. c4 Kf8 33. Rd5 Re7 34. Ra6
Rb8 35. Rd6 Re6 36. Rxe6 fxe6 37. h4 Ke7 38. Ra7+ Kd6 39. Kg2 Bd8 40. Rg7 g5 41.
hxg5 hxg5 42. Nxg5 Bxg5 43. Rxg5 Ra8 44. Rg7 Ra4 45. Rb7 Rxc4 46. Rxb6+ Kc7 47.
Rxe6 Rxe4 48. Rc6+ 1-0

[Event "European Blitz 2022"]
[Site "Katowice POL"]
[Date "2022.12.16"]
[Round "11.36"]
[White "Kosakowski, Jakub"]
[Black "Haug, Havard"]
[Result "1/2-1/2"]
[WhiteTitle "IM"]
[WhiteElo "2475"]
[BlackElo "2044"]
[WhiteFideId "1185080"]
[BlackFideId "1547887"]
[EventDate "2022.12.16"]

1. e4 c6 2. d4 d5 3. e5 c5 4. Nf3 Bg4 5. dxc5 e6 6. c3 Bxf3 7. Qxf3 Nc6 8. Bb5
Bxc5 9. Bxc6+ bxc6 10. O-O Ne7 11. Nd2 Ng6 12. Nb3 Bb6 13. Qg3 O-O 14. Bg5 Qc7
15. Rfe1 f6 16. exf6 Qxg3 17. hxg3 gxf6 18. Bh6 Rfe8 19. Nd4 Ne5 20. Rad1 Rac8
21. Bf4 Bxd4 22. cxd4 Nd7 23. Bd6 c5 24. dxc5 Nxc5 25. f3 Nb7 26. Bb4 Kf7 27.
Re2 Rc4 28. a3 Rec8 29. g4 Rc2 30. Rdd2 Rxd2 31. Rxd2 a5 32. Bc3 Rc4 33. Kf2 Nc5
34. Rd1 Nb3 35. Ke3 a4 36. f4 Kg6 37. f5+ Kf7 38. Rh1 d4+ 39. Bxd4 Rxd4 40.
Rxh7+ Kg8 41. Ra7 e5 42. g5 fxg5 43. f6 Rf4 44. Rg7+ Kf8 45. Rxg5 Rxf6 46. Rxe5
Rc6 47. Kd3 Rc1 48. Rf5+ Ke7 49. Rf4 Rg1 50. Rg4 Rc1 51. Rxa4 Nc5+ 52. Kd2 Nb3+
53. Ke3 Rc2 54. Rb4 Rxb2 55. g4 Rb1 56. a4 Ra1 57. Rxb3 Rxa4 58. Kf3 Kf6 59. Rb5
Kg6 60. Kg3 Ra1 61. Rb6+ Kg5 62. Rb5+ Kg6 63. Rb2 Rg1+ 64. Kf4 Rf1+ 65. Ke4 Kg5
66. Rb8 Kxg4 67. Rg8+ Kh5 68. Rh8+ 1/2-1/2

[Event "European Blitz 2022"]
[Site "Katowice POL"]
[Date "2022.12.16"]
[Round "11.37"]
[White "Kosteniuk, Alexandra"]
[Black "Berend, Elvira"]
[Result "1-0"]
[WhiteTitle "GM"]
[BlackTitle "WGM"]
[WhiteElo "2520"]
[BlackElo "2318"]
[WhiteFideId "4128125"]
[BlackFideId "4000510"]
[EventDate "2022.12.16"]

1. e4 c5 2. c3 d5 3. exd5 Qxd5 4. d4 Nc6 5. Nf3 Bf5 6. Be3 cxd4 7. Nxd4 Nxd4 8.
cxd4 a6 9. Nc3 Qd6 10. Qb3 Rb8 11. g3 e5 12. dxe5 Qxe5 13. Bg2 Be6 14. Qa4+ Bd7
15. Qc2 Nf6 16. O-O Bf5 17. Qa4+ Bd7 18. Bf4 Qc5 19. Rfe1+ Be7 20. Qd1 Rd8 21.
Bd6 Be6 22. Bxc5 Rxd1 23. Raxd1 Bxc5 24. Bxb7 a5 25. Nd5 O-O 26. Nxf6+ gxf6 27.
Bd5 Bb4 28. Re3 Bg4 29. Rd4 Bf5 30. Rf4 Bb1 31. Rxf6 Kg7 32. Rf4 Rd8 33. Rxf7+
Kg6 34. Bb3 a4 35. Bc4 Rd4 36. Rc7 Bd6 37. Rc6 Kg7 38. Re1 Bg6 39. b3 a3 40. Ra6
Rd2 41. Re2 Rd1+ 42. Kg2 Rd4 43. f3 h5 44. Re6 Rd2+ 45. Re2 Rd4 46. h4 Bf5 47.
Ra5 Bg6 48. Rd5 Rxd5 49. Bxd5 Bc5 50. Bc4 Bd4 51. b4 Bb2 52. b5 Kf6 53. b6 Bd4
54. b7 Ba7 55. Re6+ Kf5 56. Ra6 1-0

[Event "European Blitz 2022"]
[Site "Katowice POL"]
[Date "2022.12.16"]
[Round "11.38"]
[White "Sebenik, Matej"]
[Black "Karas, Marek"]
[Result "1-0"]
[WhiteTitle "GM"]
[BlackTitle "FM"]
[WhiteElo "2538"]
[BlackElo "2240"]
[WhiteFideId "14602296"]
[BlackFideId "14928558"]
[EventDate "2022.12.16"]

1. d4 Nf6 2. Nf3 d5 3. c4 e6 4. g3 Bb4+ 5. Nbd2 O-O 6. Bg2 c6 7. O-O b6 8. a3
Be7 9. Qc2 Bb7 10. e4 Nbd7 11. e5 Ne8 12. cxd5 cxd5 13. Re1 Rc8 14. Qd1 Qc7 15.
Nb1 b5 16. Nc3 a6 17. h4 b4 18. axb4 Bxb4 19. Qd3 Qc4 20. Qb1 f5 21. exf6 Nexf6
22. Ng5 Rfe8 23. Bh3 Nf8 24. Be3 h6 25. Nf3 Bxc3 26. bxc3 Rb8 27. Bf4 Qxc3 28.
Re3 Qc4 29. Bxb8 Rxb8 30. Rb3 Qc7 31. Rxa6 Bxa6 32. Rxb8 Qd6 33. Rb6 Qa3 34. Rb8
Qxf3 35. Bxe6+ 1-0

[Event "European Blitz 2022"]
[Site "Katowice POL"]
[Date "2022.12.16"]
[Round "11.39"]
[White "Licznerski, Lukasz"]
[Black "Wisniewski, Michal"]
[Result "1-0"]
[WhiteTitle "IM"]
[BlackTitle "FM"]
[WhiteElo "2441"]
[BlackElo "2168"]
[WhiteFideId "1179250"]
[BlackFideId "1159682"]
[EventDate "2022.12.16"]

1. e4 Nf6 2. e5 Nd5 3. d4 d6 4. c4 Nb6 5. exd6 cxd6 6. Nc3 g6 7. Be3 Bg7 8. Rc1
O-O 9. b3 a5 10. Be2 a4 11. h3 e6 12. Nf3 d5 13. O-O axb3 14. axb3 Nc6 15. c5
Nd7 16. Nb5 e5 17. dxe5 Ndxe5 18. Nxe5 Nxe5 19. Nd6 b6 20. Nxc8 Rxc8 21. cxb6
Rxc1 22. Bxc1 d4 23. b7 Qb6 24. Bf3 Nxf3+ 25. Qxf3 Rb8 26. Re1 Bf8 27. Bf4 Rxb7
28. Re8 Re7 29. Ra8 Qe6 30. Rb8 Re8 31. Qa8 Rxb8 32. Qxb8 Qd7 33. Bh6 Qd6 34.
Qxf8+ Qxf8 35. Bxf8 Kxf8 36. Kf1 Ke7 37. Ke2 Kd6 38. Kd3 Kc5 39. h4 Kd5 40. b4
h6 41. g4 f6 42. f4 g5 43. fxg5 fxg5 44. h5 Ke5 45. b5 Kd5 46. b6 Kc6 47. Kxd4
Kxb6 48. Ke5 Kc6 49. Kf6 Kd6 50. Kg6 Ke6 51. Kxh6 Kf6 52. Kh7 Kf7 53. h6 1-0

[Event "European Blitz 2022"]
[Site "Katowice POL"]
[Date "2022.12.16"]
[Round "11.40"]
[White "Petrovskyi, Vadym"]
[Black "Dehtiarov, Roman"]
[Result "1-0"]
[WhiteTitle "FM"]
[BlackTitle "FM"]
[WhiteElo "2402"]
[BlackElo "2300"]
[WhiteFideId "14165210"]
[BlackFideId "14186640"]
[EventDate "2022.12.16"]

1. e4 e6 2. d4 d5 3. Nc3 Bb4 4. e5 c5 5. a3 Ba5 6. b4 cxd4 7. Nb5 Bc7 8. f4 Ne7
9. Nf3 a6 10. Nbxd4 Nbc6 11. Bd3 Bd7 12. Be3 Nxd4 13. Nxd4 O-O 14. O-O Bb6 15.
Qd2 Rc8 16. Rac1 Bxd4 17. Bxd4 Bb5 18. Qe2 Qd7 19. Bc5 Rfe8 20. Rfd1 Bxd3 21.
Qxd3 Qc6 22. Qe3 Nf5 23. Qf2 h5 24. g3 Qa4 25. Rd3 Rc6 26. h3 Rec8 27. g4 hxg4
28. hxg4 Nh6 29. g5 Nf5 30. Rh3 Rxc5 31. bxc5 Qc6 32. c4 d4 33. Qh2 Kf8 34. Rh8+
Ke7 35. Rxc8 Qxc8 36. Qg2 g6 37. Rb1 Qxc5 38. Qxb7+ Kf8 39. Qb4 Qxb4 40. Rxb4
Ke7 41. Rb7+ Ke8 42. Kf2 1-0

[Event "European Blitz 2022"]
[Site "Katowice POL"]
[Date "2022.12.16"]
[Round "11.41"]
[White "Thorfinnsson, Bjorn"]
[Black "Czernek, Tymon"]
[Result "1-0"]
[WhiteTitle "IM"]
[BlackTitle "FM"]
[WhiteElo "2374"]
[BlackElo "2302"]
[WhiteFideId "2300982"]
[BlackFideId "1199510"]
[EventDate "2022.12.16"]

1. d4 Nf6 2. Nf3 e6 3. Bg5 d5 4. e3 Be7 5. Bd3 O-O 6. Nbd2 b6 7. c3 c5 8. Qc2 h6
9. h4 Bb7 10. Bxf6 Bxf6 11. g4 Be7 12. g5 Nd7 13. gxh6 gxh6 14. Bb5 Bd6 15.
O-O-O f5 16. Rdg1+ Kh8 17. Rg6 Rf6 18. Rhg1 Rxg6 19. Rxg6 Nf8 20. Rg2 a6 21. Be2
Rc8 22. Qd1 Qf6 23. Qg1 Nh7 24. Rg6 Qf7 25. Rxh6 Be7 26. Ng5 Bxg5 27. hxg5 Rg8
28. f4 Kg7 29. Nf3 Kf8 30. Ne5 Qc7 31. Qh2 cxd4 32. exd4 Rg7 33. Bh5 Bc8 34. Bg6
Kg8 35. Qh5 b5 36. Bxh7+ Rxh7 37. Qe8+ 1-0

[Event "European Blitz 2022"]
[Site "Katowice POL"]
[Date "2022.12.16"]
[Round "11.42"]
[White "Jaskolka, Tomasz"]
[Black "Jarmula, Lukasz"]
[Result "1/2-1/2"]
[WhiteTitle "CM"]
[BlackTitle "GM"]
[WhiteElo "2188"]
[BlackElo "2469"]
[WhiteFideId "1170791"]
[BlackFideId "1160664"]
[EventDate "2022.12.16"]

1. d4 e6 2. c4 b6 3. Nf3 Bb7 4. g3 Bb4+ 5. Bd2 Bxf3 6. exf3 Bxd2+ 7. Qxd2 Nf6 8.
Bg2 d5 9. b3 Nc6 10. O-O O-O 11. f4 Ne7 12. Nc3 Qd7 13. Rac1 c6 14. Rfd1 Rfd8
15. Na4 Rac8 16. c5 b5 17. Nb2 Nf5 18. Ra1 Qb7 19. Qb4 Ra8 20. a4 a5 21. Qc3
Rdb8 22. axb5 Qxb5 23. Ra3 Ne4 24. Bxe4 dxe4 25. Nc4 Rd8 26. Ne5 f6 27. Qc4 Qxc4
28. Nxc4 Rxd4 29. Rxd4 Nxd4 30. Rxa5 Rd8 31. b4 Nf3+ 32. Kg2 Rd1 33. Nd6 Ne1+
34. Kh3 h5 35. Nxe4 Rd4 36. Nd6 Rxb4 37. Ra8+ Kh7 38. Rc8 Nd3 39. Rxc6 Nxf2+ 40.
Kg2 Rb2 41. Kf3 Nd3 42. Ne4 Kg6 43. Rxe6 Rb3 44. Ke2 Nb4 45. Nd6 Rc3 46. Re7
Rxc5 47. f5+ Kh6 48. Nf7+ Kh7 49. Nd6 Rd5 50. Ne8 Rxf5 51. Rxg7+ Kh6 52. Rb7
Re5+ 53. Kf3 Nd5 54. Nd6 Re3+ 55. Kf2 Re6 56. Nf5+ Kg6 57. Nh4+ Kh6 58. Nf5+ Kg6
59. Nh4+ Kh6 60. h3 Rb6 61. Nf5+ Kg5 62. Rxb6 Nxb6 63. Nd4 Nd5 64. Kf3 Ne7 65.
Ne6+ Kg6 66. Nf4+ Kh6 67. g4 hxg4+ 68. hxg4 1/2-1/2

[Event "European Blitz 2022"]
[Site "Katowice POL"]
[Date "2022.12.16"]
[Round "11.43"]
[White "Pavlidou, Ekaterini"]
[Black "Kjartansson, Gudmundur"]
[Result "0-1"]
[WhiteTitle "WIM"]
[BlackTitle "GM"]
[WhiteElo "2178"]
[BlackElo "2453"]
[WhiteFideId "4213262"]
[BlackFideId "2301318"]
[EventDate "2022.12.16"]

1. d4 Nf6 2. c4 e6 3. Nc3 Bb4 4. e3 O-O 5. Nf3 d5 6. Bd2 b6 7. cxd5 exd5 8. Rc1
a6 9. Bd3 Bd6 10. Ne5 c5 11. O-O Bb7 12. f4 Nc6 13. Ne2 Rc8 14. Nxc6 Bxc6 15. a4
c4 16. Bb1 b5 17. axb5 axb5 18. Ng3 Re8 19. Nf5 Bf8 20. Qe1 Ne4 21. Bxe4 Rxe4
22. Qg3 Qf6 23. Nh4 Qd8 24. Nf3 f6 25. Rc2 b4 26. Bc1 Ba4 27. Rcf2 c3 28. Ne1
Bb5 29. b3 Qe8 30. Nc2 Bxf1 31. Rxf1 Qb5 32. Qf2 Ra8 33. Ne1 Ra1 34. Nf3 Qd3 35.
g4 Rxc1 36. Rxc1 Rxe3 37. Kg2 Re2 0-1

[Event "European Blitz 2022"]
[Site "Katowice POL"]
[Date "2022.12.16"]
[Round "11.44"]
[White "Diermair, Andreas"]
[Black "Adamczewski, Jedrzej"]
[Result "1/2-1/2"]
[WhiteTitle "GM"]
[WhiteElo "2446"]
[BlackElo "1938"]
[WhiteFideId "1612468"]
[BlackFideId "1135414"]
[EventDate "2022.12.16"]

1. d4 Nf6 2. c4 e6 3. Nf3 Bb4+ 4. Nbd2 c5 5. a3 Bxd2+ 6. Qxd2 cxd4 7. b4 d5 8.
cxd5 Qxd5 9. Qxd4 Nc6 10. Qxd5 Nxd5 11. Bb2 O-O 12. e4 Nb6 13. Rc1 e5 14. b5 Na5
15. Bxe5 Re8 16. Bd3 Bg4 17. Bf4 Rad8 18. Bb1 Nb3 19. Rc3 Bxf3 20. gxf3 Nd4 21.
Be3 Nxb5 22. Rb3 Nd4 23. Bxd4 Rxd4 24. Ke2 Red8 25. Rd3 Rxd3 26. Bxd3 Rd4 27.
Rc1 Ra4 28. Rc7 Rxa3 29. Rxb7 g6 30. f4 Na4 31. Bc4 Nc3+ 32. Kf1 Nxe4 33. Bxf7+
Kh8 34. Bd5 Nf6 35. Bc6 Nh5 36. f5 Nf4 37. Ke1 gxf5 38. h4 Ng2+ 39. Kd2 Nxh4 40.
Bd5 Ng6 41. Be6 f4 42. Bd5 Ra4 43. Kc3 Ra5 44. Kd4 Ra1 45. Ke4 Re1+ 46. Kd4 Re7
47. Rb8+ Kg7 48. Be4 Rd7+ 49. Kc4 Ne5+ 50. Kc3 Ng4 51. Bf5 Rc7+ 52. Kd4 Nxf2 53.
Ke5 f3 54. Kf4 Rf7 55. Rb5 a6 56. Ra5 Nd3+ 57. Kxf3 Nb4 58. Kg4 Rf6 59. Rc5 Nc6
60. Be4 Nd4 61. Rc7+ Rf7 62. Rxf7+ Kxf7 63. Bxh7 1/2-1/2

[Event "European Blitz 2022"]
[Site "Katowice POL"]
[Date "2022.12.16"]
[Round "11.45"]
[White "Karvatskyi, Oleksii"]
[Black "Manik, Mikulas"]
[Result "0-1"]
[BlackTitle "GM"]
[WhiteElo "1995"]
[BlackElo "2359"]
[WhiteFideId "14191059"]
[BlackFideId "14900734"]
[EventDate "2022.12.16"]

1. d4 Nf6 2. Nc3 d5 3. Bf4 a6 4. e3 c5 5. Nf3 Nc6 6. Be2 Bg4 7. Ne5 Bxe2 8. Nxe2
e6 9. c3 Be7 10. O-O O-O 11. Nxc6 bxc6 12. h3 h6 13. Qa4 Qb6 14. Rab1 Ne4 15.
Rfd1 Qb5 16. Qc2 a5 17. a4 Qa6 18. dxc5 Nxc5 19. Nd4 Rac8 20. b4 axb4 21. cxb4
Nd7 22. Nf3 Bf6 23. Bd6 Rfd8 24. Bc5 Rb8 25. Bd4 e5 26. Ba1 Rdc8 27. Qf5 Rb7 28.
Bxe5 Re8 29. Bxf6 Nxf6 30. Qc2 Ne4 31. Nd4 Qa8 32. b5 cxb5 33. axb5 Rb6 34. Qb3
Rg6 35. b6 Qc8 36. Kf1 Qb8 37. Nf3 Nxf2 38. Kxf2 Qg3+ 39. Ke2 Qxg2+ 40. Kd3 Qxf3
41. Kc2 Qe2+ 42. Rd2 Rc8+ 43. Qc3 Rxc3+ 44. Kxc3 Qc4+ 45. Kb2 Rxb6+ 46. Ka1 Ra6+ 0-1

[Event "European Blitz 2022"]
[Site "Katowice POL"]
[Date "2022.12.16"]
[Round "11.46"]
[White "Zochowski, Kacper"]
[Black "Horvath, Dominik"]
[Result "1-0"]
[WhiteTitle "FM"]
[BlackTitle "IM"]
[WhiteElo "2256"]
[BlackElo "2502"]
[WhiteFideId "1125494"]
[BlackFideId "1642561"]
[EventDate "2022.12.16"]

1. Nf3 d5 2. c4 e6 3. g3 Nf6 4. Bg2 Be7 5. O-O O-O 6. b3 b6 7. Bb2 Bb7 8. e3
dxc4 9. bxc4 c5 10. Qe2 Nc6 11. d3 a6 12. Nc3 Rb8 13. Rab1 Na7 14. Ba1 Ba8 15.
Rfd1 Qc7 16. Ne1 Bxg2 17. Nxg2 b5 18. cxb5 axb5 19. Qb2 Rfd8 20. Ne4 b4 21. Rdc1
Rxd3 22. Nxf6+ Bxf6 23. Qc2 Qd6 24. Bxf6 gxf6 25. Nf4 Rd2 26. Qc4 Nc6 27. Nh5 f5
28. Qh4 Qe7 29. Nf6+ Kg7 30. Qg5+ Kh8 31. Qh6 1-0